|
|
|
|
| LEADER |
01742ngm a2200373Ia 4500 |
| 001 |
AAL9386 |
| 005 |
20171104185915.0 |
| 007 |
vd cvaiz| |
| 008 |
171104p20012000nyu091 vlper d |
| 999 |
|
|
|c 38507
|d 38507
|
| 020 |
|
|
|a 0794201490
|
| 020 |
|
|
|a 9780794201494
|
| 040 |
|
|
|a JTE
|c JTE
|d OCLCQ
|d OCL
|d MYG
|d BD-DhAAL
|
| 082 |
|
4 |
|a 791.43
|
| 245 |
0 |
0 |
|a The circle /
|h [videorecording] =
|c Jafar Panahi.
|
| 246 |
3 |
1 |
|a Circle
|
| 246 |
3 |
|
|a Dayereh
|
| 260 |
|
|
|a New York :
|b Fox Lorber Films,
|c 2001.
|
| 300 |
|
|
|a 1 videodisc (91min.) :
|b sd., col. ;
|c 4 3/4 in.
|
| 500 |
|
|
|a Bonus features described in detail on cover.
|
| 500 |
|
|
|a Originally released as a motion picture in 2000 under title: Dayirah.
|
| 508 |
|
|
|a Director, Jafar Panahi ; screenplay, Kambozia Partovi.
|
| 511 |
1 |
|
|a Nargess Mamizadeh, Maryam Parvin Almani, Mojgane Faramarzi, Elham Saboktakin, Monir Arab, Solmaz Panaki, Fereshteh Sadr Orafai, Fatemah Naghavi.
|
| 520 |
|
|
|a This film offers insights into the lives of women in Iran. As the narrative dynamically shifts from woman to woman, their stories culminate with tremendous potency, transforming a shared sense of despair and injustice into hope.
|
| 538 |
|
|
|a DVD.
|
| 546 |
|
|
|a In Farsi with English subtitles.
|
| 586 |
8 |
|
|a Golden Lion, Best Film, 2000 Venice Film Festival ; Fipresci Grand Prize, Best Film of the Year.
|
| 650 |
|
0 |
|a Feature films.
|9 23316
|
| 650 |
|
0 |
|a Foreign films
|z Iran.
|9 23317
|
| 650 |
|
0 |
|a Women
|z Iran
|x Social conditions.
|9 23318
|
| 700 |
1 |
|
|a Panahi, Jafar.
|9 23319
|
| 700 |
1 |
|
|a Partovi, Kambozia.
|9 23320
|
| 942 |
|
|
|2 ddc
|c AV
|
| 952 |
|
|
|0 0
|1 0
|2 ddc
|4 0
|6 791_430000000000000_CIR
|7 0
|9 61743
|a SCL
|b SCL
|c AV
|d 2017-11-04
|g 100.00
|l 0
|o 791.43 CIR
|p 4020009386
|r 2017-11-04
|t 1
|w 2017-11-04
|y AV
|